Procesné inovácie vo vybranom podniku bakalárska práca

Saved in:
Bibliographic Details
Main Author: Girgášová, Katarína
Corporate Author: Podnikovohospodárska fakulta EU so sídlom v Košiciach. Katedra manažmentu
Other Authors: Demjanová, Lucia, 1981-
Format: Book
Language:Slovak
Published: Košice 2013
Tags: Add Tag
No Tags, Be the first to tag this record!

MARC

LEADER 00000nbm a2200000 4500
001 0172246
005 20161109112038.4
041 0 |a slo 
044 |a SK 
245 1 0 |a Procesné inovácie vo vybranom podniku  |b bakalárska práca  |c Katarína Girgášová ; školiteľ: Lucia Demjanová 
264 1 |a Košice  |c 2013 
300 |a 70 s. 
100 1 |a Girgášová, Katarína 
700 1 |a Demjanová, Lucia, 1981- 
710 2 |a Podnikovohospodárska fakulta EU so sídlom v Košiciach. Katedra manažmentu